Reflection on buddhist studies (Record no. 1679269)

MARC details
000 -LEADER
fixed length control field 00627nam a22002297a 4500
005 - DATE AND TIME OF LATEST TRANSACTION
control field 20260211122425.0
008 - FIXED-LENGTH DATA ELEMENTS--GENERAL INFORMATION
fixed length control field 260211b |||||||| |||| 00| 0 eng d
020 ## - INTERNATIONAL STANDARD BOOK NUMBER
International Standard Book Number 978-955-0398-60-7
037 ## - SOURCE OF ACQUISITION
Terms of availability TB
040 ## - CATALOGING SOURCE
Original cataloging agency CRL
Transcribing agency CRL
041 ## - LANGUAGE CODE
Source of code eng
Language code of text/sound track or separate title eng
084 ## - COLON CLASSIFICATION NUMBER
Classification number Q4 Q9
Assigning agency CRL
100 ## - MAIN ENTRY--PERSONAL NAME
Personal name Ukwatta, Sumedha Viraj Sripathi
9 (RLIN) 1115148
245 ## - TITLE STATEMENT
Title Reflection on buddhist studies
260 ## - PUBLICATION, DISTRIBUTION, ETC.
Name of publisher, distributor, etc. Maghadhi,
Date of publication, distribution, etc. 2019
300 ## - PHYSICAL DESCRIPTION
Extent 210p.
365 ## - TRADE PRICE
Price amount 450
Currency code INR
650 ## - SUBJECT ADDED ENTRY--TOPICAL TERM
Topical term or geographic name entry element Buddhism
9 (RLIN) 1115149
650 ## - SUBJECT ADDED ENTRY--TOPICAL TERM
Topical term or geographic name entry element Religion
9 (RLIN) 1115150
942 ## - ADDED ENTRY ELEMENTS (KOHA)
Source of classification or shelving scheme Colon Classification (CC)
Koha item type Textbook
Classification part Q4 Q9
Suppress in OPAC No
Holdings
Withdrawn status Lost status Source of classification or shelving scheme Damaged status Not for loan Home library Current library Date acquired Source of acquisition Cost, normal purchase price Total Checkouts Full call number Barcode Date last seen Price effective from Koha item type
    Colon Classification (CC)     Central Library Central Library 2026-02-11 Gift 450.00   Q4 Q9 CL1700286 2026-02-11 2026-02-11 Textbook
Copyright @ Delhi University Library System